000 00290nam a2200121 i 4500
001 bg
245 0 _aZagadnienia eksploatacji i rozbudowy portu Darłowo.
_nCz.1.
260 _aGdańsk,
_c1977.
040 _cBPK
041 _apol
942 _cKS
008 s pl f |000 0 pol
999 _c18246
_d18246
856 _uhttp://koha.tu.koszalin.pl/cgi-bin/koha/opac-detail.pl?biblionumber=18246
_yKatalog online BPK